000 00422nam a2200133Ia 4500
008 230920s9999||||xx |||||||||||||| ||und||
020 _a9780128145586
100 _aRan, Fen
245 0 _aAdvanced Nanomaterials for Electrochemical-based Energy Conversion and Storage
260 _c2019
_bElsevier
650 _aMaterials Science 2019
856 _uhttps://www.sciencedirect.com/science/book/9780128145586
942 _cEB
999 _c316122
_d316122